Seleccion Argentina de Futbol Qatar 2022 - Estadísticas

Estadísticas generales
  • Esta prueba ha sido intentada 68 veces
  • La puntuación promedio es 21 de 26
Estadísticas de respuestas
Jugador % Correcto
Messi
100%
Martinez
98%
Martinez
98%
Di Maria
97%
Alvarez
95%
Romero
95%
Tagliafico
95%
Molina
93%
Scaloni
93%
De Paul
91%
Mac Allister
91%
Otamendi
91%
Fernandez
90%
Armani
88%
Montiel
86%
Acuña
84%
Rulli
81%
Dybala
79%
Paredes
74%
Pezzella
74%
Gomez
62%
Correa
60%
Foyth
60%
Palacios
55%
Almada
53%
Rodriguez
53%
No se encontraron pruebas coincidentes
Distribución de puntuación
Porcentaje de gente con cada puntuación
Porcentaje por número respondido
Historial de tus puntuaciones
No has intentado esta prueba.